[Event "22nd ch-EUR Indiv 2022"]
[Site "Terme Catez SLO"]
[Date "2022.04.03"]
[Round "8.100"]
[White "Golubovic, Boris"]
[Black "Rubil, Marko"]
[Result "1/2-1/2"]
[WhiteTitle "IM"]
[BlackTitle "FM"]
[WhiteElo "2393"]
[BlackElo "2293"]
[WhiteFideId "14502160"]
[BlackFideId "14501546"]
[EventDate "2022.03.27"]

1. e4 e5 2. Nf3 Nc6 3. Nc3 Nf6 4. d4 exd4 5. Nxd4 Bb4 6. Nxc6 bxc6 7. Bd3 d5 8.
exd5 cxd5 9. O-O O-O 10. Bg5 c6 11. Qf3 Bd6 12. Ne2 h6 13. Bxf6 Qxf6 14. Qxf6
gxf6 15. Nd4 Bd7 16. Nf5 Bxf5 17. Bxf5 Be5 18. Rab1 Rab8 19. b3 Rfd8 20. Rbd1 a5
21. g3 c5 22. Rfe1 Kf8 1/2-1/2

[Event "22nd ch-EUR Indiv 2022"]
[Site "Terme Catez SLO"]
[Date "2022.04.03"]
[Round "8.101"]
[White "Blagojevic, Tijana"]
[Black "Barp, Alberto"]
[Result "1/2-1/2"]
[WhiteTitle "WIM"]
[BlackTitle "IM"]
[WhiteElo "2260"]
[BlackElo "2388"]
[WhiteFideId "16500270"]
[BlackFideId "872555"]
[EventDate "2022.03.27"]

1. e4 c5 2. Nf3 Nc6 3. Bb5 e5 4. O-O Bd6 5. c3 a6 6. Bxc6 dxc6 7. d4 exd4 8.
cxd4 Bg4 9. dxc5 Bxc5 10. Qb3 Qb6 11. Qc3 Bxf3 12. Qxf3 Ne7 13. Nd2 Ng6 14. Nb3
Bd6 15. Be3 Qc7 16. g3 O-O 17. Rad1 Rad8 18. Qh5 Rfe8 19. Qa5 Qb8 20. Bb6 Rd7
21. Rd4 Ne5 22. f4 c5 23. Rxd6 Qxd6 24. fxe5 Qxe5 25. Qc3 Qe6 26. Bxc5 Qxe4 27.
Bd4 Qd5 28. Qf3 Re4 29. Bf2 Rc4 30. Re1 f6 31. Qe3 Rc8 32. Qb6 Rd6 33. Qe3 Rdd8
34. Re2 Qd1+ 35. Kg2 Qd5+ 36. Qf3 Kf7 37. Nc5 Qxf3+ 38. Kxf3 Rd5 39. Nxb7 1/2-1/2

[Event "22nd ch-EUR Indiv 2022"]
[Site "Terme Catez SLO"]
[Date "2022.04.03"]
[Round "8.102"]
[White "Ceres, Dragos"]
[Black "Kanov, Nikola"]
[Result "1/2-1/2"]
[WhiteTitle "FM"]
[BlackTitle "CM"]
[WhiteElo "2385"]
[BlackElo "2265"]
[WhiteFideId "13905864"]
[BlackFideId "2928531"]
[EventDate "2022.03.27"]

1. e4 e5 2. Nf3 Nc6 3. Bc4 Bc5 4. c3 Nf6 5. d3 d6 6. O-O a5 7. a4 h6 8. Re1 O-O
9. h3 Ba7 10. Nbd2 Be6 11. Bb5 Nd7 12. Nf1 f5 13. exf5 Bxf5 14. Bc4+ Kh8 15. Ng3
Bg6 16. Be3 Bxe3 17. Rxe3 Nf6 18. d4 1/2-1/2

[Event "22nd ch-EUR Indiv 2022"]
[Site "Terme Catez SLO"]
[Date "2022.04.03"]
[Round "8.103"]
[White "Gajcin, Marina"]
[Black "Juksta, Karolis"]
[Result "1/2-1/2"]
[WhiteTitle "WIM"]
[BlackTitle "FM"]
[WhiteElo "2254"]
[BlackElo "2378"]
[WhiteFideId "949086"]
[BlackFideId "12809039"]
[EventDate "2022.03.27"]

1. e4 e6 2. d4 d5 3. Nc3 Nf6 4. e5 Nfd7 5. f4 c5 6. Nf3 Nc6 7. Be3 Be7 8. Qd2
O-O 9. dxc5 Qa5 10. Nd4 Bxc5 11. Nb3 Bxe3 12. Qxe3 Qc7 13. O-O-O f6 14. exf6
Nxf6 15. g3 Qe7 16. Bg2 Bd7 17. Rhe1 Rae8 18. Kb1 Bc8 19. Qg1 Qc7 1/2-1/2

[Event "22nd ch-EUR Indiv 2022"]
[Site "Terme Catez SLO"]
[Date "2022.04.03"]
[Round "8.104"]
[White "Giannoulakis, Lampros"]
[Black "Milikow, Elie"]
[Result "0-1"]
[WhiteTitle "FM"]
[BlackTitle "CM"]
[WhiteElo "2362"]
[BlackElo "2256"]
[WhiteFideId "4247019"]
[BlackFideId "371281868"]
[EventDate "2022.03.27"]

1. Nf3 d5 2. d4 Nf6 3. e3 e6 4. Bd3 c5 5. b3 Nc6 6. Bb2 Be7 7. O-O O-O 8. Nbd2
b6 9. a3 Bb7 10. dxc5 Bxc5 11. Qe2 Qe7 12. b4 Bd6 13. e4 Nd7 14. e5 Bc7 15. Rfe1
a5 16. b5 Ncb8 17. c4 Nc5 18. Bc2 Nbd7 19. Rad1 Rfd8 20. cxd5 Bxd5 21. Nc4 Nf8
22. Rd4 Ng6 23. Rg4 a4 24. Bc1 Qd7 25. Ng5 Nb3 26. Bb2 Rac8 27. Nd6 Bxd6 28.
exd6 Qxd6 29. Bb1 Bb7 30. Nxf7 Kxf7 31. h4 Rc5 32. Rg3 e5 33. h5 Nf4 34. Qg4 Qf6
35. Bxh7 Bc8 36. Qf3 Nd2 37. Qa8 Bf5 38. Qa7+ Rd7 39. Bg6+ Kg8 40. Qxa4 Bxg6 41.
hxg6 Nd3 42. Qg4 Qxf2+ 43. Kh2 Nxe1 44. Qxd7 Nf1+ 45. Kh1 Nxg3+ 46. Kh2 Qxg2# 0-1

[Event "22nd ch-EUR Indiv 2022"]
[Site "Terme Catez SLO"]
[Date "2022.04.03"]
[Round "8.105"]
[White "Kenneskog, Theodor"]
[Black "Rakhmangulova, Anastasiya"]
[Result "1-0"]
[WhiteTitle "FM"]
[BlackTitle "WIM"]
[WhiteElo "2354"]
[BlackElo "2229"]
[WhiteFideId "1715011"]
[BlackFideId "14117479"]
[EventDate "2022.03.27"]

1. e4 c5 2. Nf3 d6 3. d4 cxd4 4. Nxd4 Nf6 5. Nc3 a6 6. Be3 e5 7. Nb3 Be7 8. f3
Be6 9. Qd2 O-O 10. O-O-O Nbd7 11. g4 b5 12. g5 Nh5 13. Kb1 Nb6 14. Na5 Rc8 15.
Nd5 Nxd5 16. exd5 Bd7 17. c4 Qc7 18. Rc1 Qb8 19. cxb5 Rxc1+ 20. Qxc1 axb5 21.
Nc6 Bxc6 22. dxc6 Bd8 23. Bh3 Bc7 24. Rd1 Qa8 25. Rd5 Rb8 26. Bf1 Qa6 27. a3 g6
28. Bd3 Ng7 29. f4 Ne6 30. fxe5 dxe5 31. Rd7 Rf8 32. Qc3 Rc8 33. Qc2 Rf8 34. Be4
b4 35. Bd5 bxa3 36. Bxe6 axb2 37. Kxb2 Ra8 38. Bxf7+ Kh8 39. Qc4 Qa3+ 40. Kc2
Qxe3 41. Rxc7 Qf2+ 42. Kd3 Ra3+ 43. Ke4 Qf5+ 44. Kd5 Rd3+ 45. Kc5 Rd2 46. Qb3
Qf2+ 47. Kb5 Qf5 48. Be6 Qf1+ 49. Bc4 Qf8 50. Qc3 Rd4 51. Qe3 Qb8+ 52. Rb7 Qd6
53. Rd7 Qb8+ 54. Kc5 Qf8+ 55. Kb6 Qb8+ 56. Rb7 Qd6 57. Bb5 Rd5 58. Qc3 Rd4 59.
Qc5 1-0

[Event "22nd ch-EUR Indiv 2022"]
[Site "Terme Catez SLO"]
[Date "2022.04.03"]
[Round "8.106"]
[White "Damia, Angelo"]
[Black "Milikow, Yoav"]
[Result "0-1"]
[WhiteTitle "IM"]
[BlackTitle "FM"]
[WhiteElo "2223"]
[BlackElo "2349"]
[WhiteFideId "812668"]
[BlackFideId "2822237"]
[EventDate "2022.03.27"]

1. e4 e5 2. Bc4 Nf6 3. d3 c6 4. Nc3 d5 5. Bb3 Bb4 6. Bd2 Bg4 7. Nf3 O-O 8. h3
Bxf3 9. Qxf3 d4 10. Ne2 Bxd2+ 11. Kxd2 Na6 12. Ke1 Nc5 13. g4 a5 14. a4 Nxb3 15.
cxb3 Nd7 16. Kf1 Nc5 17. Ra3 Qg5 18. Ke1 b5 19. h4 Qh6 20. g5 Qe6 21. h5 b4 22.
Ra1 f5 23. exf5 Rxf5 24. Qh3 Qd5 0-1

[Event "22nd ch-EUR Indiv 2022"]
[Site "Terme Catez SLO"]
[Date "2022.04.03"]
[Round "8.107"]
[White "Nareks, Matic"]
[Black "Unuk, Laura"]
[Result "1/2-1/2"]
[WhiteTitle "CM"]
[BlackTitle "IM"]
[WhiteElo "2202"]
[BlackElo "2346"]
[WhiteFideId "14629526"]
[BlackFideId "14609215"]
[EventDate "2022.03.27"]

1. e4 c6 2. d4 d5 3. e5 c5 4. dxc5 e6 5. a3 Bxc5 6. Qg4 Ne7 7. Nf3 O-O 8. b4 Bb6
9. Bb2 Nd7 10. Bd3 f5 11. Qh5 Qe8 12. Qxe8 Rxe8 13. c4 Ng6 14. O-O Nf4 15. Rd1
Nxd3 16. Rxd3 dxc4 17. Rc3 g5 18. Rxc4 g4 19. Nfd2 Bd8 20. Nb3 b5 21. Rc1 Bb7
22. Bd4 Bd5 23. Nc5 Nxc5 24. Bxc5 Bg5 25. Rd1 Bf4 26. Bd6 Rac8 27. g3 Bf3 28.
Re1 Bh6 29. a4 a6 30. axb5 axb5 31. Ra2 Rc6 32. Ra5 Rec8 33. Bc5 Bf8 34. Rxb5
Bxc5 35. bxc5 Rxc5 36. Rxc5 Rxc5 37. Nd2 Bd5 38. Kf1 Kf7 39. Ke2 Bb7 40. f4 Ba6+
41. Ke3 Rc3+ 42. Kf2 Rd3 43. Nf1 Rf3+ 44. Kg1 h5 45. Ne3 h4 46. Ng2 hxg3 47.
hxg3 Rxg3 48. Re3 Rxe3 49. Nxe3 Ke7 50. Kf2 Bb7 51. Nc4 Bd5 52. Nd6 Kd7 53. Kg3
Kc6 54. Nf7 Kc5 55. Nd6 Bc6 56. Nf7 Kd4 57. Nd6 Ke3 58. Nf7 Be8 59. Nd6 Bc6 1/2-1/2

[Event "22nd ch-EUR Indiv 2022"]
[Site "Terme Catez SLO"]
[Date "2022.04.03"]
[Round "8.108"]
[White "Lavrencic, Matic"]
[Black "Pasztor, Balazs"]
[Result "1/2-1/2"]
[BlackTitle "FM"]
[WhiteElo "2159"]
[BlackElo "2338"]
[WhiteFideId "14637847"]
[BlackFideId "774723"]
[EventDate "2022.03.27"]

1. e4 c5 2. Nf3 d6 3. d4 cxd4 4. Nxd4 Nf6 5. Nc3 a6 6. Be3 e5 7. Nb3 Be6 8. h3
Be7 9. f4 exf4 10. Bxf4 Nc6 11. Qe2 Nd7 12. O-O-O Nce5 13. Kb1 O-O 14. Nd4 Rc8
15. Qe3 b5 16. Nd5 Bxd5 17. exd5 Re8 18. Qf2 Bg5 19. g3 Qf6 20. Bg2 Nc4 21. Rde1
Ndb6 22. h4 Bxf4 23. Qxf4 Qxf4 24. gxf4 Ne3 25. Bh3 Ra8 26. Nf5 Nxf5 27. Bxf5
Rxe1+ 28. Rxe1 Nxd5 29. Be4 Re8 30. Bxh7+ Kf8 31. Rxe8+ Kxe8 32. Be4 Nc7 33. Kc1
Ke7 34. Kd2 d5 35. Bf5 Kd6 36. b4 d4 37. Kd3 Nd5 38. a3 Nxf4+ 39. Kxd4 Nd5 40.
Bc8 Nc7 41. h5 Kc6 42. Ke5 Ne8 43. Bxa6 Nd6 44. c3 Nc4+ 45. Kd4 Nd6 46. Ke5 Nc4+
47. Kd4 Nd6 48. Ke5 1/2-1/2

[Event "22nd ch-EUR Indiv 2022"]
[Site "Terme Catez SLO"]
[Date "2022.04.03"]
[Round "8.109"]
[White "Bethke, Richard"]
[Black "Vidic, Teja"]
[Result "1-0"]
[WhiteTitle "FM"]
[BlackTitle "WIM"]
[WhiteElo "2327"]
[BlackElo "2191"]
[WhiteFideId "12959243"]
[BlackFideId "14605511"]
[EventDate "2022.03.27"]

1. e4 e5 2. Nf3 Nc6 3. Bc4 Nf6 4. d3 Bc5 5. O-O d6 6. c3 a6 7. a4 Ba7 8. Nbd2
O-O 9. h3 h6 10. b4 Re8 11. Re1 Be6 12. Bxe6 Rxe6 13. Qc2 Qd7 14. Nf1 d5 15. Be3
Bxe3 16. Nxe3 Rd8 17. b5 Ne7 18. c4 dxe4 19. dxe4 Ng6 20. c5 axb5 21. Red1 Qe8
22. Rxd8 Qxd8 23. axb5 Qd7 24. Qc4 Re8 25. Ra7 Rb8 26. Kh2 Qe7 27. b6 c6 28. Nf5
Qd7 29. Nd6 Ne8 30. Nxb7 Rxb7 31. Qa6 Rxa7 32. bxa7 Nc7 33. Qb7 Nf8 34. Nxe5 Qd2
35. Ng6 Nfe6 36. Qb8+ Qd8 37. Nf4 1-0

[Event "22nd ch-EUR Indiv 2022"]
[Site "Terme Catez SLO"]
[Date "2022.04.03"]
[Round "8.110"]
[White "Kotsinis, Alexandros"]
[Black "Dordzhieva, Dinara"]
[Result "0-1"]
[BlackTitle "WGM"]
[WhiteElo "2055"]
[BlackElo "2325"]
[WhiteFideId "25870750"]
[BlackFideId "24157570"]
[EventDate "2022.03.27"]

1. d4 Nf6 2. c4 e6 3. g3 d5 4. Nf3 dxc4 5. Bg2 c6 6. Ne5 Bb4+ 7. Nc3 Nd5 8. O-O
Nxc3 9. bxc3 Bxc3 10. Ba3 Qxd4 11. Qxd4 Bxd4 12. Nxc4 Bxa1 13. Rxa1 Rf8 14. Nd6+
Kd7 15. Nxb7 Bxb7 16. Bxf8 g6 17. e4 Na6 18. Rd1+ Kc8 19. Be7 c5 20. Bf1 Kc7 21.
Bb5 Kb6 22. a4 Bc6 23. Bc4 Re8 24. a5+ Kb7 25. Bg5 Nc7 26. f3 Bb5 27. Ba2 Kc6
28. Be3 Rc8 29. Kf2 Na6 30. e5 Nb4 31. Rd6+ Kb7 32. Bb1 Nd5 33. Be4 c4 34. Bxd5+
exd5 35. Rxd5 a6 36. Ke1 Bc6 37. Rd6 c3 38. f4 Bb5 39. Kd1 Rc4 40. Rd4 c2+ 41.
Kc1 Rxd4 42. Bxd4 Bd3 43. Kd2 Kc6 44. Bb2 Bf5 45. g4 Be4 46. Ke3 Kd5 47. f5 gxf5
48. g5 Kc4 49. Kf4 Kd5 50. h4 Ke6 51. Bc1 Bc6 52. Bb2 Bd5 53. Bc1 Bc4 54. Bb2
Be2 55. Ke3 Bg4 56. Kd3 Bd1 57. h5 Kd5 58. h6 f4 59. Kd2 Ke6 60. g6 fxg6 61. Kd3
Kf5 62. Kd4 g5 63. Bc1 g4 64. e6 g3 0-1

[Event "22nd ch-EUR Indiv 2022"]
[Site "Terme Catez SLO"]
[Date "2022.04.03"]
[Round "8.111"]
[White "Monpeurt, Cyrielle"]
[Black "Yordanov, Lachezar"]
[Result "0-1"]
[WhiteTitle "WFM"]
[BlackTitle "FM"]
[WhiteElo "2156"]
[BlackElo "2318"]
[WhiteFideId "677400"]
[BlackFideId "2918927"]
[EventDate "2022.03.27"]

1. e4 c5 2. Nf3 d6 3. d4 cxd4 4. Nxd4 Nf6 5. Nc3 a6 6. Bg5 Nbd7 7. Qe2 e6 8.
O-O-O Qc7 9. f4 b5 10. a3 Be7 11. g4 Bb7 12. Bh4 b4 13. axb4 a5 14. Ndb5 Qb8 15.
bxa5 Rxa5 16. g5 Nxe4 17. Nxe4 d5 18. Bg3 dxe4 19. Kb1 Bd5 20. c4 Rxb5 21. cxd5
Rxd5 22. Bg2 O-O 23. Bxe4 Rxd1+ 24. Rxd1 Nc5 25. Bc2 Qa7 26. Kc1 Qa1+ 27. Kd2
Qxb2 28. Ke1 Qc3+ 29. Kf1 g6 30. Bf2 e5 31. fxe5 Ne6 32. Rd3 Qc6 33. Rg3 Rc8 34.
Be4 Qc1+ 35. Be1 Nxg5 36. Bg2 Ne6 37. Qe3 Bh4 38. Qxc1 Rxc1 39. Re3 Nc5 40. Bd5
Bxe1 41. Rxe1 Rxe1+ 42. Kxe1 Nd3+ 43. Kf1 Nxe5 44. Kg2 Kg7 45. Bb7 f5 46. h3 Kf6
47. Ba8 Kg5 48. Bd5 Kh4 49. Bg8 h5 50. Bh7 f4 0-1

[Event "22nd ch-EUR Indiv 2022"]
[Site "Terme Catez SLO"]
[Date "2022.04.03"]
[Round "8.112"]
[White "Karsay, Pascal"]
[Black "Janzelj, Lara"]
[Result "1-0"]
[WhiteTitle "FM"]
[BlackTitle "WIM"]
[WhiteElo "2310"]
[BlackElo "2160"]
[WhiteFideId "12953474"]
[BlackFideId "14608391"]
[EventDate "2022.03.27"]

1. Nf3 Nf6 2. c4 e6 3. Nc3 d5 4. e3 Be7 5. b3 O-O 6. Bb2 b6 7. cxd5 exd5 8. d4
Bb7 9. Bd3 Re8 10. O-O Nbd7 11. Ne5 Bd6 12. f4 a6 13. Qf3 Nf8 14. g4 Ne6 15. g5
Bxe5 16. dxe5 d4 17. Qh3 dxc3 18. Rad1 Nd5 19. Bxh7+ Kf8 20. Ba3+ c5 21. Be4 c2
22. Bxc2 Qc7 23. g6 f6 24. Bb2 Ke7 25. e4 Rh8 26. exd5 Rxh3 27. d6+ Qxd6 28.
exd6+ Kd7 29. Rfe1 Rh5 30. f5 Rg5+ 31. Kf1 Bg2+ 32. Kf2 Nf4 33. Re7+ Kc6 34.
Rc7+ Kb5 35. a4+ Kb4 36. Rd4+ cxd4 37. Rc4+ Ka5 38. b4# 1-0

[Event "22nd ch-EUR Indiv 2022"]
[Site "Terme Catez SLO"]
[Date "2022.04.03"]
[Round "8.113"]
[White "Stevanic, David"]
[Black "Fishchuk, Vladyslav"]
[Result "0-1"]
[WhiteTitle "FM"]
[WhiteElo "2306"]
[BlackElo "1760"]
[WhiteFideId "14613921"]
[BlackFideId "34122117"]
[EventDate "2022.03.27"]

1. e4 c5 2. Nf3 Nc6 3. Bb5 g6 4. Bxc6 dxc6 5. d3 Qc7 6. h3 e5 7. Nc3 Be7 8. O-O
Nf6 9. Ne2 Nh5 10. c3 Be6 11. Ng5 Bxg5 12. Bxg5 f6 13. Be3 Qe7 14. f4 exf4 15.
Nxf4 Nxf4 16. Bxf4 O-O 17. Qf3 Rad8 18. Bh6 Rf7 19. Qe3 b6 20. e5 Bf5 21. Rxf5
gxf5 22. e6 Rg7 23. Bxg7 Kxg7 24. Re1 Rd5 25. d4 cxd4 26. cxd4 Rd6 27. g4 fxg4
28. hxg4 Rd5 29. Qe4 Rd6 30. Kg2 h6 31. g5 fxg5 32. Qe5+ Kh7 33. b4 b5 34. Qc5
h5 35. Re5 Kg6 36. Qxd6 Qxd6 37. e7 Qxe5 0-1

[Event "22nd ch-EUR Indiv 2022"]
[Site "Terme Catez SLO"]
[Date "2022.04.03"]
[Round "8.114"]
[White "Loukopoulos, Panagiotis-Athanasi"]
[Black "Deuer, Marius"]
[Result "1/2-1/2"]
[BlackTitle "FM"]
[WhiteElo "2020"]
[BlackElo "2304"]
[WhiteFideId "4293835"]
[BlackFideId "16236432"]
[EventDate "2022.03.27"]

1. e4 c6 2. d4 d5 3. exd5 cxd5 4. Bd3 Nf6 5. h3 g6 6. Nf3 Bf5 7. Ne5 Bg7 8. Bxf5
gxf5 9. Nd3 Nc6 10. c3 e6 11. O-O O-O 12. Re1 b5 13. Bf4 Qb6 14. a3 a5 15. Nd2
b4 16. axb4 axb4 17. Qb3 Nh5 18. Bh2 Qb5 19. Nxb4 Nxb4 20. Nf3 f4 21. cxb4 Rxa1
22. Rxa1 Rc8 23. Ne5 Bxe5 24. dxe5 Qe2 25. g4 Rc2 26. Rf1 f3 27. Qe3 Qxe3 28.
fxe3 Rg2+ 29. Kh1 Ng3+ 30. Bxg3 Rxg3 31. Kh2 Rg2+ 32. Kh1 Rxb2 33. Rxf3 Rxb4 34.
Rf4 Rb3 35. e4 d4 36. Kg2 Re3 37. Rf3 Rxe4 38. Rd3 Rxe5 39. Rxd4 Re3 40. Rf4 h6
41. h4 Kg7 42. h5 Re5 43. Kg3 f5 44. Ra4 Kf6 45. Kf4 Re1 46. gxf5 Rf1+ 47. Kg3
exf5 48. Ra8 Kg5 49. Kg2 Rf4 50. Kg3 Rb4 51. Rf8 Rb3+ 52. Kf2 Rh3 53. Kg2 Rxh5
54. Kg3 Rh1 55. Rg8+ Kf6 56. Rf8+ Kg6 57. Rg8+ Kf7 58. Ra8 Rg1+ 59. Kf4 Rf1+ 60.
Kg3 Kf6 61. Rh8 Kg5 62. Rg8+ Kh5 63. Rf8 Kg6 64. Rg8+ Kf7 65. Ra8 h5 66. Ra6 Kg7
67. Rb6 Re1 68. Kf4 h4 69. Kxf5 Rg1 70. Rb4 h3 71. Rh4 Rh1 72. Kg4 h2 73. Kg3 1/2-1/2

[Event "22nd ch-EUR Indiv 2022"]
[Site "Terme Catez SLO"]
[Date "2022.04.03"]
[Round "8.115"]
[White "Goroshkov, Maksym"]
[Black "Taichman, Ori"]
[Result "0-1"]
[BlackTitle "FM"]
[WhiteElo "2111"]
[BlackElo "2297"]
[WhiteFideId "14142716"]
[BlackFideId "2804069"]
[EventDate "2022.03.27"]

1. e4 e5 2. Nf3 d6 3. d4 exd4 4. Nxd4 Nf6 5. Nc3 Be7 6. Be2 O-O 7. O-O Re8 8. f4
Bf8 9. Bf3 c5 10. Nb3 Nc6 11. Be3 Bf5 12. exf5 Rxe3 13. g4 d5 14. Nxd5 Nxd5 15.
Bxd5 Qh4 16. c4 Rae8 17. Bxf7+ Kxf7 18. Qd5+ Ke7 19. Nxc5 Qxg4+ 20. Kh1 Rd8 21.
Nd7 Re2 22. Rad1 Qh4 23. Rf2 Qxf2 24. f6+ gxf6 25. Qd6+ Kf7 26. Qd5+ Kg7 27.
Rg1+ Kh6 28. Qh5+ Kxh5 29. Nxf6+ Kh4 30. Rg4+ Kh3 0-1

[Event "22nd ch-EUR Indiv 2022"]
[Site "Terme Catez SLO"]
[Date "2022.04.03"]
[Round "8.116"]
[White "Dalaud, Dorian"]
[Black "Gramb, Marius"]
[Result "1-0"]
[WhiteTitle "FM"]
[WhiteElo "2293"]
[BlackElo "2107"]
[WhiteFideId "36093270"]
[BlackFideId "24656593"]
[EventDate "2022.03.27"]

1. e4 c6 2. d4 d5 3. e5 Bf5 4. Nd2 e6 5. Nb3 a6 6. Nf3 c5 7. dxc5 Bxc5 8. Nxc5
Qa5+ 9. c3 Qxc5 10. Nd4 Ne7 11. Qa4+ Nbc6 12. Be3 Qa5 13. Qxa5 Nxa5 14. Nxf5
Nxf5 15. Bb6 Nc4 16. Bxc4 dxc4 17. a4 Ne7 18. a5 Nd5 19. Bd4 f6 20. exf6 gxf6
21. O-O-O Rg8 22. g3 Kf7 23. Rhe1 f5 24. f3 h5 25. Bf2 Rac8 26. Rd4 Rc6 27. Rh4
Kg6 28. Kc2 Rgc8 29. Bd4 b5 30. axb6 Nxb6 31. h3 Nd5 32. g4 hxg4 33. hxg4 Kg5
34. Rh5+ Kf4 35. gxf5 exf5 36. Re5 Nc7 37. Rexf5+ Kg3 38. Be5+ Kf2 39. Rh2+ Kf1
40. Bxc7 R8xc7 41. Rd5 Kg1 42. Re2 Kf1 43. Kd1 Rh7 44. Rdd2 Rf6 45. Re1# 1-0

[Event "22nd ch-EUR Indiv 2022"]
[Site "Terme Catez SLO"]
[Date "2022.04.03"]
[Round "8.117"]
[White "Sarrau, Jelle"]
[Black "Herega, Nejc"]
[Result "1-0"]
[WhiteTitle "FM"]
[WhiteElo "2401"]
[BlackElo "2185"]
[WhiteFideId "207608"]
[BlackFideId "14634058"]
[EventDate "2022.03.27"]

1. c4 Nf6 2. Nf3 c5 3. d4 cxd4 4. Nxd4 Nc6 5. Nc3 e6 6. g3 Qb6 7. Nb3 Bb4 8. Bg2
d5 9. cxd5 Nxd5 10. O-O Nxc3 11. bxc3 Bxc3 12. Be3 Qd8 13. Rc1 Be5 14. Rc5 f6
15. f4 Bc7 16. Qc1 O-O 17. Rd1 Qe7 18. Bxc6 bxc6 19. Rxc6 Bb6 20. Bc5 Bxc5+ 21.
Qxc5 Qxc5+ 22. Nxc5 e5 23. fxe5 fxe5 24. Ne6 Bxe6 25. Rxe6 Rf7 26. Rf1 Rd7 27.
Rxe5 Rc8 28. Rf4 h6 29. a4 Kh7 30. Kg2 Rc2 31. h4 Rdd2 32. Kf2 Rd7 33. Re8 Rc5
34. Re6 Ra5 35. Kf3 Rc7 36. g4 h5 37. g5 g6 38. Kg3 Rc3+ 39. e3 Rc7 40. Rfe4 Rf5
41. Re7+ Rf7 42. Rxf7+ Rxf7 43. Re6 Kg7 44. a5 Kh7 45. a6 Kg7 46. Re8 Rf1 47.
Re7+ Kg8 48. Rxa7 Rg1+ 49. Kf4 Rg4+ 50. Ke5 Rxh4 51. Kf6 1-0

[Event "22nd ch-EUR Indiv 2022"]
[Site "Terme Catez SLO"]
[Date "2022.04.03"]
[Round "8.118"]
[White "Sokolovsky, Yahli"]
[Black "Kanyamarala, Trisha"]
[Result "1-0"]
[WhiteTitle "FM"]
[BlackTitle "WIM"]
[WhiteElo "2395"]
[BlackElo "2180"]
[WhiteFideId "2820242"]
[BlackFideId "45004722"]
[EventDate "2022.03.27"]

1. e4 c5 2. Nf3 d6 3. Bb5+ Bd7 4. Bxd7+ Nxd7 5. O-O Ngf6 6. Qe2 e6 7. b3 Be7 8.
Bb2 O-O 9. c4 e5 10. Nc3 Ne8 11. Nd5 Ndf6 12. Nxf6+ Bxf6 13. Ne1 Nc7 14. Nc2 Ne6
15. Ne3 Bg5 16. g3 Qd7 17. Qg4 Bxe3 18. dxe3 Rad8 19. f4 f6 20. Rad1 Qe7 21. Rd2
Nc7 22. f5 a6 23. Rfd1 b5 24. Qe2 Rd7 25. b4 Rfd8 26. a4 bxa4 27. Ba3 Na8 28.
Rb2 Rc8 29. Qc2 cxb4 30. Rxb4 a5 31. Rb5 Qf7 32. Qxa4 Rdc7 33. Rc1 Rc6 34. Qb3
h6 35. Rb7 a4 36. Qb5 R6c7 37. Rb8 Qe7 38. Qd5+ Kh7 39. Rxa8 Rxa8 40. Qxa8 Qd7
41. Qd5 Rb7 42. Qxd6 Qc8 43. Qd3 Qb8 44. c5 Rb3 45. Rc3 Rb1+ 46. Kg2 Ra1 47. c6
Ra2+ 48. Kg1 Ra1+ 49. Rc1 Rxc1+ 50. Bxc1 Qb6 51. Qc3 1-0

[Event "22nd ch-EUR Indiv 2022"]
[Site "Terme Catez SLO"]
[Date "2022.04.03"]
[Round "8.119"]
[White "Laptii, Nazar"]
[Black "Ohanyan, Emin"]
[Result "1-0"]
[BlackTitle "IM"]
[WhiteElo "2180"]
[BlackElo "2379"]
[WhiteFideId "14174332"]
[BlackFideId "13312022"]
[EventDate "2022.03.27"]

1. e4 e5 2. Nf3 Nc6 3. Bc4 Nf6 4. d3 Bc5 5. O-O O-O 6. Nbd2 d5 7. exd5 Nxd5 8.
Re1 Bg4 9. h3 Bh5 10. Ne4 Bb6 11. Ng3 Bg6 12. Nxe5 Nxe5 13. Rxe5 c6 14. Bxd5 Bd4
15. Re1 Qxd5 16. c3 Be5 17. f4 Bf6 18. d4 Rfe8 19. Nf1 Qd7 20. Be3 Re7 21. Qd2
Rae8 22. Bf2 Be4 23. Ne3 h5 24. Rad1 g6 25. Bg3 b5 26. Qf2 Bf5 27. Kh2 Re4 28.
Qf3 Kg7 29. d5 h4 30. Bf2 Rxf4 31. Qxf4 Be5 32. Nxf5+ Qxf5 33. Qxe5+ Rxe5 34.
Bd4 f6 35. Bxe5 fxe5 36. d6 Qd7 37. Rxe5 Kf6 38. Re7 Qd8 39. Rxa7 1-0

[Event "22nd ch-EUR Indiv 2022"]
[Site "Terme Catez SLO"]
[Date "2022.04.03"]
[Round "8.120"]
[White "Wecker, Martin"]
[Black "Tomazini, Zan"]
[Result "0-1"]
[BlackTitle "IM"]
[WhiteElo "2180"]
[BlackElo "2376"]
[WhiteFideId "12931462"]
[BlackFideId "14608162"]
[EventDate "2022.03.27"]

1. Nf3 g6 2. c4 Bg7 3. d4 Nf6 4. g3 c5 5. Bg2 cxd4 6. Nxd4 Nc6 7. Nc3 O-O 8. O-O
Nxd4 9. Qxd4 d6 10. Qd3 Qa5 11. Nd5 Nxd5 12. cxd5 Bd7 13. Bd2 Qb5 14. Qxb5 Bxb5
15. Rac1 Rac8 16. Rfe1 Ba6 17. b3 Bb2 18. Rb1 Rc2 19. Bh6 Bg7 20. Be3 Rxa2 21.
Bxa7 Bxe2 22. Be3 Bc3 23. Bh6 Bxe1 0-1

[Event "22nd ch-EUR Indiv 2022"]
[Site "Terme Catez SLO"]
[Date "2022.04.03"]
[Round "8.121"]
[White "Fruebing, Stefan"]
[Black "Roebers, Jan"]
[Result "1-0"]
[WhiteTitle "IM"]
[BlackTitle "FM"]
[WhiteElo "2374"]
[BlackElo "2156"]
[WhiteFideId "4682165"]
[BlackFideId "1007815"]
[EventDate "2022.03.27"]

1. e4 e5 2. Nf3 Nc6 3. Bc4 Nf6 4. d3 h6 5. c3 d6 6. O-O g5 7. b4 a6 8. a4 Bg7 9.
Qb3 O-O 10. Nbd2 Ne7 11. Bb2 Ng6 12. d4 g4 13. Ne1 Qe7 14. dxe5 Nxe5 15. Be2 Be6
16. Qc2 Rae8 17. c4 Nh5 18. Nd3 Qg5 19. Nxe5 Bxe5 20. Bxe5 Qxe5 21. Ra3 a5 22.
bxa5 Qxa5 23. Rb1 Qc5 24. Re3 Bd7 25. Rxb7 d5 26. Nb3 Qc6 27. Rb5 Qg6 28. cxd5
Bxb5 29. Bxb5 Re5 30. Nd4 Nf6 31. Bd3 Qg5 32. Nf5 Rfe8 33. h4 gxh3 34. Rg3 Ng4
35. Rxg4 1-0